000 00806cam a22002771 4500
999 _c127698
_d127698
001 6143075
003 ARRUPE
005 20180320094352.0
008 870922s1966 enka 000 0 eng
010 _a 67083078
015 _aB66-10228
035 _a(OCoLC)16729257
040 _aDLC
_cOrPS
_dUk
_dDLC
042 _apremarc
050 1 0 _aBF431
_b.E95
082 _a153.9/3
100 1 _aEysenck, H. J.
_q(Hans Jurgen),
_d1916-1997.
_940752
245 1 0 _aCheck your own I.Q.
_cHans Jurgen Eysenck.
260 _aHarmondsworth,
_bPenguin,
_c1966.
300 _a192 p.
_c18 cm.
490 0 _aPelican books,
_vA656
650 0 _aMental tests.
_940753
906 _a7
_bcbc
_coclcrpl
_du
_encip
_f19
_gy-gencatlg
942 _2lcc
_cMONOGRAPH